00451cam a2200181ua 45000010005000000080039000050200018000440400009000620410008000710820012000791000033000912450046001242500012001702600042001823000010002246530014002346530021002489397150822n ii |||gr||||Z||||||asm a9789327240870 cMAIN aasm a330.954 aDhar, Pranab Kumar,eAuthor.1 aBharatiya arthaniticby Pranab Kumar Dhar a6th ed. aLudhiana:bKalyani publishers,c2014. a710p. aEconomics aIndian economics